[Event "GRE-ch Schools Gymnasia-C 30th"]
[Site "Peristeri"]
[Date "2018.04.01"]
[Round "3"]
[White "Papadimitriou, Alexandros"]
[Black "Fotiadis, Filippos"]
[Result "1-0"]
[WhiteElo "1459"]
[BlackElo "1269"]
[PlyCount "47"]
[EventDate "2018.04.01"]
[EventType "swiss (rapid)"]
[EventRounds "9"]
[EventCountry "GRE"]
[SourceTitle "EXT 2019"]
[Source "ChessBase"]
[SourceDate "2018.10.10"]
[SourceVersion "1"]
[SourceVersionDate "2018.10.10"]
[SourceQuality "1"]

1. d4 d5 2. c4 c6 3. cxd5 cxd5 4. Nc3 Nf6 5. Nf3 Nc6 6. Bf4 Bg4 7. h3 Bh5 8. g4 Bg6 9. Bg2 e6 10. 0-0 Bd6 11. Ne5 Qc7 12. Nb5 Qb6 13. Nxd6+ Ke7 14. Nxc6+ bxc6 15. g5 Nh5 16. Bh2 Rad8 17. e3 Rxd6 18. Bxd6+ Kxd6 19. Bf3 Bf5 20. Bxh5 Bxh3 21. Re1 Qd8 22. Qf3 Qxg5+ 23. Qg3+ Qxg3+ 24. fxg3 1-0